000 00709nam a2200217Ia 4500
005 20241129110057.0
008 241129s9999||||xx |||||||||||||| ||und||
020 _a978-81-19139-24-8
037 _aTB
040 _aARTS
_beng
_cARTS
041 _aeng
_2eng
084 _aY:492.95 R3
_qARTS
100 _aSchrikker Alicia Ed.; Wickramasinghe Nira Ed.
_9727123
245 0 _aBeing a slave: histories and legacies of european slavery in the India ocean
_cSchrikker Alicia Ed.; Wickramasinghe Nira Ed.
260 _aNew York, India
_bNew Manohar
_c2023
300 _a331p.
365 _aINR
_b1895
650 _aSociologyPoverty
_9727124
942 _cTB
_hY:492.95 R3
999 _c1227219
_d1227219